Регионална библиотека "Любен Каравелов" - Русе

[АйСиДиЕн] ISDN - нова мрежова и информационна технология (Запис номер 107251)

MARC детайли
000 -Лидер
Контролно поле с фиксирана дължина 01785nam a2200409 c 4500
003 - Код на организацията, давaща контролен номер
Контролно поле BLK
005 - Дата и час на последна редакция
Контролно поле 20180420230455.0
008 - Елементи от данни с фиксирана дължина
fixed length control field 180409b bul|||||r ||||||| ||bul||
010 ## - Наследен системен номер
LC control number KNG00112527000
020 ## - Международен стандартен номер на книга ISBN
Международен стандартен номер на книга ISBN 954-775-287-1
-- издат.: Фабер
040 ## - Източник на каталожния запис
Идентификатор на билиотеката - собственик на записа BLK
041 ## - Код за език
Код за езика на текст/звукозапис или на отделно заглавие Български
Код за езика КДБФ Български
080 ## - УДК
Текстов определител УДК Съобщителна техника. Вж и 621.3.09. Организация и експлоатация на съобщенията вж 654
УДК код - определител по УДК 621.39
УДК определител
УДК - код + определител 621.39
080 ## - УДК
Текстов определител УДК Апаратура за предаване на цифрови данни, например по телеграф или радио
УДК код - определител по УДК 681.327.8
УДК определител
УДК - код + определител 681.327.8
100 1# - Редна дума - Автор
Автор Попов, Методи
Авторска отговорност първи автор
R(LIN) 310858
139 ## - Редно поле
Редна дума Попов, Методи и др.
Авторски знак Попов - П 76
245 10 - Сведения за заглавието
Заглавие [АйСиДиЕн] ISDN - нова мрежова и информационна технология
Редно поле (дума) Методи Попов; съавт. Михаил Калбанов.
257 ## - Страна на издаване
Страна на създаване/издаване България
260 ## - Област на издателските данни
-- В. Търново
Име на издателя, разпространителя и проч. Фабер
Година на издаване 2004
300 ## - Физическа характеристика
Страници 231 с.
Илюстрации и др. с табл., сх.
Размери/Мащаб 20 см
380 ## - Жанр
Жанр Техника
500 ## - Общи забележки
Забележка Офс. изд. - Библиогр. с.226-227.
504 ## - Забележка за наличие на библиография и др
Забележка за наличие на библиография и под. 226-227
650 #4 - Допълнително описание по предмет – тема
Основно описание – тема или топоним Цифрови мрежи и технологии
9 (RLIN) 289805
650 #4 - Допълнително описание по предмет – тема
Основно описание – тема или топоним Съобщителни линии и мрежи
9 (RLIN) 259486
650 #4 - Допълнително описание по предмет – тема
Основно описание – тема или топоним Телекомуникации
9 (RLIN) 173397
653 ## - Ключова дума – ненормативна
Ключова дума цифрови мрежи
653 ## - Ключова дума – ненормативна
Ключова дума цифрови технологии
653 ## - Ключова дума – ненормативна
Ключова дума съобщителни линии и мрежи
653 ## - Ключова дума – ненормативна
Ключова дума телекомуникации
700 1# - Други автори (авторска отговорност)
Лично име Калбанов, Михаил
Автороска отговорност (Описва отношението между автора и произведението) съавт.
9 (RLIN) 310859
852 ## - Местоположение
Форматна сигнатура Цб 219129
856 4# - Електронен адрес и достъп
Електронен формат pdf - файл
Път до файла /url/
856 4# - Електронен адрес и достъп
Електронен формат pdf - файл
Път до файла /url/
942 ## - АРТИКУЛИ
Вид на библиотечния материал Книги
Скрит в OPAC Не
944 ## - СЪЗДАВАНЕ И РЕДАКЦИЯ на ЗАПИСА
Създаване/Редакция Създаване
Дата на регистрацията/редакция 22.04.2004
Служител, извършил регистрацията/редакцията Цветанка_Енчева
944 ## - СЪЗДАВАНЕ И РЕДАКЦИЯ на ЗАПИСА
Създаване/Редакция Редакция
Дата на регистрацията/редакция 13.10.2005
Служител, извършил регистрацията/редакцията
999 ## - СИСТЕМНИ КОНТРОЛНИ НОМЕРА
Koha biblionumber 107251
Koha biblioitemnumber 107251
Наличности
Код за отписване Код за изгубен артикул Код за повреда Коз за рестрикции Код за отдаване Артикулен № Име на библиотеката - собственик Име на библиотеката, в която се намира в момента Статус (Текущо местоположение) Дата на вписване в системата Местоположение - отдел Цена в лева Инвентарен номер Систематично азбучна сигнатура Баркод Номер на екземпляра Цена в евро Служебна бележка Служебен тип на артикула
  Не е изгубен Не е повреден без рестрикции ползва се в читалня 173105 Регионална библиотека "Любен Каравелов" Русе Регионална библиотека "Любен Каравелов" Русе Читалня 2004-04-22 Читалня 7.00 120000684779 Ч 621.39/П 76 120000684779 1 3.58 Дост: Pk Вид: Ф N: 179 Дата: 21.04.2004 Дата инв: 24.03.2017 Бележки инв: Ч2017 Книги
  Не е изгубен Не е повреден без рестрикции ползва се в читалня 173106 Регионална библиотека "Любен Каравелов" Русе Регионална библиотека "Любен Каравелов" Русе Хранилище 2005-09-21 Хранилище 0.00 120000696839 Цб 219129 120000696839 2 0.00 Дост: Dp Вид: Д N: 38 Дата: 08.09.2004 Книги
Vip Innovations Ltd, Rousse, Bulgaria 2025